UM Logo
Normal view MARC view
  • Rust, Rosanne.

Entry Personal Name

Number of records used in: 1

001 - CONTROL NUMBER

  • control field: 46164

003 - CONTROL NUMBER IDENTIFIER

  • control field: OSt

005 - DATE AND TIME OF LATEST TRANSACTION

  • control field: 20220928152152.0

008 - FIXED-LENGTH DATA ELEMENTS

  • fixed length control field: 220928|| aca||aabn | a|a d

040 ## - CATALOGING SOURCE

  • Original cataloging agency: OSt
  • Transcribing agency: OSt

100 ## - HEADING--PERSONAL NAME

  • Personal name: Rust, Rosanne.

670 ## - SOURCE DATA FOUND

  • Source citation: Work cat.: (OSt): Rust, Rosanne. , Zero Waste Cooking For Dummies /, ©2022.